000 00300nam a22001337a 4500
003 SGT
082 _a954.03
_bV83G
100 _aGOYAL, SHIVKUMAR
245 _aVINAYAK DAMODA SAWARKAR
260 _aINDIA
_bPRABHAT PRAKASHAN
_c1983
300 _a270
650 _aFREEDOM FIGHTERS
942 _2ddc
_cBK
999 _c26175
_d26175